000 01433nam a22003257a 4500
999 _c326299
_d326299
003 BLK
005 20240122131451.0
008 181115b bu o|||gr|||| 00| 0 bu d
020 _a9789544748029
040 _aBLK
041 _aBUL
_cBUL
080 _aБългарска литература
_b821.163.2
_z821.163.2-94
_x-94
080 _aТуризъм. Алпинизъм. Ориентиране. Международен туризъм вж 338.48 и 379.85
_b796.5
_z796.5
100 _9341696
_aСкатов, Атанас Георгиев
_eпърви автор
139 _aСкатов, Атанас Георгиев
_bС 39
245 _aНад 8000 метра. Душата на планината : Манаслу
_bДневникът на един веган
260 _9209528
_aСофия
_bКибеа
_c2018
_n978-954-474-
300 _a200 с.
_bс цв. ил.
_c22 см
380 _aX
500 _aЗагл. на кор.: Над 8000 метра - Манаслу: дневникът на един веган. - Загл. на гърба на кор.: Над 8000 метра. - За автора: с. 2-3.
650 7 _9146796
_aАлпинизъм
653 7 _9183001
_aвеганство
852 _aЦб 291632
_bЦб
942 _cKNG
_n0
_s1
_06
944 _aCR
_c2018-11-15
_k30575
_lМартин Енчев
999 _d326299
999 _d326299
999 _d326299
999 _d326299